| 000 | 00576nam a2200157 a 4500 | ||
|---|---|---|---|
| 001 | 000033814 | ||
| 005 | 20200930070535.0 | ||
| 008 | 110912s1966 ag 000 0 spa d | ||
| 040 |
_aDO-SdBNP _bspa _cBNPHU |
||
| 082 |
_axxx _bB197p |
||
| 100 | 1 |
_aBaltra Cortés, Alberto _959236 |
|
| 245 | 1 | 0 |
_aProblemas del subdesarrollo económico latinoamericano / _cAlberto Baltra Cortés. |
| 260 |
_aBuenos Aires, Argentina : _bEditorial Universitaria de Buenos Aires, _c1966. |
||
| 300 |
_a94 p. ; _c19 cm. |
||
| 590 | _aPerteneció a la biblioteca personal de Juan Isidro Jimenes Grullón | ||
| 999 |
_c33305 _d33305 |
||